000 01851nam0a22003131 4500
001 RU\NLR\INFOCOMM_253\5000052188
005 20250613101747.0
035 _a(NLR Aleph) 009391781
090 _a8047546
_c8047546
100 _a20101211d1978 |||y0rusy50 ca
101 0 _afre
102 _aRU
105 _ay ||||000|y
200 1 _aOrganisation de l'information scientifique et technique pour l'industrie dans les pays socialistes - membres du Conseil d'assistance économique mutuelle
_eMan. pour les étudiants des Cours interrégionaux de l'inform. industr. et documentation organisés par l'ONUDI et l'UNESCO en collab. avec le Gouv. de l'URSS
_fO. I. Globatchev, A. G. Tchakhmakhtchev
_gONUDI-UNESCO. Cours interrégionaux de la formation des spécialistes en inform. industr. et documentation
210 _aМосква
_cВИНИТИ
_d1978
215 _a69 с.
_d26 см
300 _aВ вып. дан.: Организация научно-технической информации для промышленности в социалистических странах, членах Совета экономической взаимопомощи : Учеб. пособие / О. И. Глобачев, А. Г. Чахмахчев
300 _aНа тит. л.: Les cours son réalisés par l'Inst. de l'inform. sci. et techn. de l'URSS, 21 mars - 31 mai 1978
606 _aИнформация научная
_jРуководства, пособия и т. п.
_2nlr_sh1
686 _aЧ23я7
_2rubbk
700 1 _9z01790
_aGlobačev
_bO. I.
_4070
701 1 _9z02790
_aČachmachčev
_bA. G.
_gAleksandr Gajkovič
_4070
790 1 _9z01700
_aGlobatchev
_bO. I.
_4070
790 1 _9z02701
_aTchakhmakhtchev
_bA. G.
_4070
801 1 _aRU
_bNLR
_c20101211
801 0 _aRU
_bNLR
_gPSBO
852 _aNLR
_jПр91 Д-8/112
942 _cBOOK
980 _aNB